[Event "Bad Homburg"]
[Site "Bad Homburg"]
[Date "1997.??.??"]
[Round "7"]
[White "Gabriel, Christian"]
[Black "Hickl, Joerg"]
[Result "0-1"]
[WhiteElo "2575"]
[BlackElo "2565"]
[Annotator "Har Zvi,R"]
[PlyCount "120"]
[EventDate "1997.07.26"]
[EventType "tourn"]
[EventRounds "9"]
[EventCountry "GER"]
[EventCategory "14"]
[SourceTitle "CBM 060"]
[Source "ChessBase"]
[SourceDate "1997.09.29"]
[SourceVersion "1"]
[SourceVersionDate "1997.09.29"]
[SourceQuality "1"]

1. e4 {Hickl} d6 2. d4 Nf6 3. Nc3 g6 4. g3 Bg7 5. Bg2 O-O 6. Nge2 e5 7. h3 Nc6
8. Be3 exd4 (8... Bd7) (8... Re8) 9. Nxd4 Bd7 10. O-O Re8 11. Nde2 ({the main
line is} 11. Re1 Nxd4 12. Bxd4 Bc6) 11... b5 (11... Qc8 12. g4 h5 13. g5 Nh7
14. Kh2 f6 15. gxf6 Nxf6 16. f4 Kh7 $2 17. Ng1 $1 {[%cal Gg1f3,Gf3g5]} Kh8 18.
Qe1 $1 $36 {[%cal Ge1g3] Maryasin,B-Peker,O/Czerniak-mem/1996/}) (11... Ne5 12.
b3 b5 (12... Bc6 $6 13. Nd4 Bd7 14. f4 Nc6 15. Qd2 Nxd4 16. Bxd4 Bc6 17. Rae1
$14 {Hoffman,A-Hoi,C/Lyngby op/1988/}) 13. Rc1 Qc8 14. Kh2 Nc6 15. f3 Qa6 16.
a4 b4 17. Nb5 Qb7 $132 {Pospelov,E-Avrukh,B/Kurgan/1994/}) 12. a3 a5 13. Nf4 (
13. g4 b4 14. axb4 axb4 15. Rxa8 Qxa8 16. Nd5 Nxd5 17. exd5 Ne5 18. b3 c5 19.
Ng3 (19. Re1 Qc8 20. Qc1 h5 21. f4 hxg4 22. fxe5 gxh3 23. e6 hxg2 24. exd7 Qxd7
$44 {Svidler,P-Makarjev,I/URS-ch/Jurmala/1992/}) 19... Qc8 20. Ne4 Qb8 $14 {
Gelfand,B-Adams,M/Madrid 1996/CBM 53/1/2-1/2 (64)}) (13. Nd4 b4 14. e5 Nxe5 15.
axb4 c6 16. b5 cxb5 17. Ndxb5 d5 18. Bd4 Rb8 19. Re1 Ne4 20. Nxe4 dxe4 21. Nd6
Bg4 22. hxg4 Qxd6 23. Rxe4 f5 24. gxf5 gxf5 25. Re2 Red8 26. c3 f4 27. Rxa5 f3
28. Rexe5 fxg2 29. Qg4 {1-0 Sadler,M-Nevednichy,V/Erevan olm 1996/EXT 96ch2/
[Ftacnik]}) 13... Rb8 14. f3 b4 (14... Ne5 15. Bf2 Nc4 16. b3 Nb6 17. Qd2 b4
18. axb4 axb4 19. Nce2 d5 $132 {Magem Badals,J-Calvo,J/ESP-chT/1995/}) 15. axb4
axb4 16. Nce2 Ne5 17. Nd3 Nc4 18. Bd4 c5 19. Bf2 Bc6 $13 {black should be
quite satisfiede with the opening result, all his pieces are in the game, he
has really only one weakness the d6 pawn but that's not terrible, the position
is round about equal.} 20. b3 Nb6 21. Qd2 Qc7 22. g4 Nfd7 23. Rad1 Nc8 $1 {
the knight is doing nothing on b6, black wants his knight to stand on b5, and
he is going to this square via a7.} 24. Ng3 $6 (24. Ndf4 {[%cal Gd2d6]
preventing Na7,atleast for now}) (24. Bg3 $5) 24... Na7 25. Nc1 Nb5 {it is
clear now, that black has a good position. He has more space, more active
pieces. His main plan is a break in the center with d5. That's, why I
suggested 24.Ndf4 not allowing black to free himself so quick.} 26. Nce2 Rbd8
27. h4 $6 {white never really got something on the King's side, but this move
weakened the g4 square alot, and white paid the price for it, 27.Be3 bringing
some pieces into the game does not seem very bad.} Ne5 (27... d5 $5 {Hickl} 28.
exd5 Nb6 29. Bxc5 Nxd5 30. Qc1 Nbc3 31. Nxc3 Nxc3 32. Rxd8 Rxd8 33. Qe1 Rd5 34.
Be3 Bb5 35. Rf2 Rd1 $19) 28. Qf4 d5 $1 (28... Qe7 $5 $17) 29. Bxc5 (29. exd5
Bxd5 30. Ne4 c4 $17) 29... dxe4 30. Rxd8 (30. fxe4 Rxd1 31. Rxd1 Bd7 32. Bxb4
Qxc2 $17) 30... Rxd8 31. fxe4 Bd7 32. Bxb4 Qxc2 (32... Bxg4 33. c4) 33. Be7 (
33. g5 $142 Qxb3 34. Be7 Re8 35. Bf6 {transposes to the game,only that in the
game after 34.Bf6 black could play 34...Bxf6 35.Qxf6 and 35...Qxg4 which he
can not play in the variation}) 33... Re8 34. Bf6 Bxf6 35. Qxf6 Qxb3 $6 {
unexplained move,except that maybe both players were in time trouble,and
simply forgot the g4 pawn} (35... Bxg4 $142 $17 {[%csl Rb3,Re2] /-+} 36. Nf4 (
36. h5 Bxe2 37. h6 Qc5+) 36... Qc3 $1 37. Nfe2 Qxb3 $19) 36. g5 Bg4 {[%csl Re4,
Rh4] too late!but despite the fact that all the pawns are one one fland,and
the mmaterial is equal,white still has very difficult life,and indeed in few
moves he got a losing position} 37. Qf2 (37. Kh1) 37... Nc3 38. Nf4 $2 (38.
Nxc3 Qxc3 39. h5 gxh5 40. Kh1 $132) 38... Nd1 $1 39. Qe1 Ne3 40. Qb1 Rb8 $2 (
40... Qa3 $1 {it is not difficult to see and understand,that with such king's
exchanging Queens is a gift for white,with the Queen's on the board the game
is really over} 41. Qc1 Qa7 42. Qa1 Qc5 43. Qc1 N5c4 {and the game is over!})
41. Qxb3 Rxb3 42. Ra1 (42. Re1 Nxg2 43. Kxg2 Rb2+ 44. Kf1 (44. Nfe2 Nd3) 44...
Nf3) (42. Rf2 Nd1) 42... Nxg2 43. Kxg2 Rb2+ (43... Nf3 $1 {Hickl} 44. Nd5 $140
Nxh4+ 45. Kf2 Rf3+ 46. Ke1 Rxg3 47. Ra8+ Kg7 48. Nf6 Bc8 49. Rxc8 Rxg5 $19) 44.
Kf1 Nf3 45. h5 (45. e5 $5 {[%csl Ge4][%cal Gg3e4]}) (45. Nf5 $3 {Hickl} gxf5
46. Ra8+ Kg7 47. exf5 f6 (47... h5 48. f6+ Kh7 49. g6+ $1) (47... Nd2+ 48. Ke1
Ne4 49. f6+ Nxf6 50. gxf6+ Kxf6 51. Ra5 $11) (47... Bxf5 48. Nh5+ Kg6 49. Nf4+
Kg7 50. Nh5+ $11) 48. Ra7+ Kf8 49. Rxh7 fxg5 50. hxg5 Bxf5 51. g6 $11) 45...
Nxg5 46. h6 Kf8 47. Ra8+ (47. Nd5 Bh3+ 48. Ke1 Ke8) 47... Ke7 48. Ra7+ Kd6 49.
Ra6+ Kd7 50. Ra5 (50. Ra7+ Kc6 51. Ra6+ Kb5 {[%cal Gb5c4]}) 50... Nf3 51. Ra7+
Ke8 $17 52. Nfe2 $2 $19 (52. Ra8+ Ke7 53. Ra7+ Kf6) 52... Nd2+ 53. Kf2 Bxe2 54.
Nxe2 Nxe4+ 55. Ke3 Nf6 56. Kf3 Rb3+ 57. Kf4 Rb4+ 58. Ke5 Ng4+ 59. Kd6 Rb6+ 60.
Kc7 Rb2 0-1

[Event "YUG-ch53"]
[Site "Belgrade "]
[Date "1998.03.22"]
[Round "9"]
[White "Petronic, Jovan"]
[Black "Damljanovic, Branko"]
[Result "0-1"]
[WhiteElo "2450"]
[BlackElo "2540"]
[Annotator "Har Zvi,R"]
[PlyCount "77"]
[EventDate "1998.03.14"]
[EventType "tourn"]
[EventRounds "15"]
[EventCountry "YUG"]
[EventCategory "10"]
[SourceTitle "CBM 064"]
[Source "ChessBase"]
[SourceDate "1998.06.02"]
[SourceVersion "1"]
[SourceVersionDate "1998.06.02"]
[SourceQuality "1"]

1. e4 c5 2. c3 d6 3. d4 Nf6 4. Bd3 g6 5. e5 $6 {why not just to take
immediately on "c5" and then play "e5"??} (5. dxc5 dxc5 6. e5 Nd5 (6... Nfd7 7.
e6 fxe6 8. Nf3 Bg7 9. Qe2 O-O 10. h4 $1 Nc6 11. Nbd2 Nde5 12. Be4 Qd6 13. h5
Bd7 14. hxg6 hxg6 15. Nc4 Nxc4 16. Qxc4 Ne5 17. Nxe5 Qxe5 18. Be3 (18. Qe2 Bb5
$1 19. c4 Bc6 20. Bxc6 bxc6 $13) 18... Bb5 19. Qxc5 $2 (19. Qxb5 Qxe4 20. O-O-O
$14 Qxg2 21. Qxc5 $16) 19... Qxe4 20. Qxb5 Rxf2 $6 $11 (20... Rad8 21. O-O (21.
Rd1 Qxg2 22. Qf1 Rxd1+ (22... Qf3 23. Rd2 $8 {/\Qh3 =}) 23. Kxd1 Qd5+ 24. Kc1
Qxa2 25. Qg2 $13) 21... Rf5 22. Qe2 Rh5 23. Rfd1 Rf8 $17) 21. Kxf2 Rf8+ 22. Ke2
Qxg2+ 23. Kd3 Rd8+ 24. Bd4 Bxd4 $8 25. cxd4 Qf3+ 26. Kc2 $8 Rc8+ 27. Kd2 Qf2+
28. Kd3 Qf3+ {1/2-1/2 David,P-Salai,L/CSFR (ch) 1990}) (6... Ng4 7. Bb5+ Nc6 8.
Qxd8+ Kxd8 9. f4 (9. Bxc6 $5) 9... f6 10. h3 Nh6 11. Nf3 Kc7 12. Na3 Bg7 13.
O-O b6 $11 {0-1 Rybak,M-Rasik,V/Karvina op 1989/EXT 89op (47)}) 7. Be4 Nb6 (
7... Nc7 8. Qxd8+ Kxd8 {()} 9. Be3 Ne6 10. Na3 Kc7 11. Nb5+ Kb6 12. a4 Bd7 13.
c4 (13. b4 Bxb5 (13... Bc6 $14) 14. bxc5+ Nxc5 15. Bxc5+ Kxc5 16. axb5 Kb6 17.
f4 Bg7 {/\Nd7-c5~~}) 13... Nc6 14. Nf3 (14. f4 $14) 14... Bg7 15. Nc3 (15.
O-O-O Nxe5 16. Nxe5 Bxb5 17. Nd7+ Bxd7 18. Rxd7 {+/=/+/- <->7}) 15... Nxe5 16.
Nd5+ Ka6 $13 {1-0 Sermek,D-Cebalo,M/Maribor Pirc 1994/[Blatny,P] (34)}) (7...
e6 8. Nf3 Nc6 9. c4 Nde7 10. Qxd8+ Nxd8 11. Nc3 Bd7 12. Bg5 a6 13. O-O-O Bg7
14. Rd2 $16 {1-0 Sermek,D-Mali,S/Bled op 1994/TD 94\02 (22)}) 8. Qxd8+ Kxd8 9.
Na3 Nc6 (9... Bg7 10. Nf3 N8d7 11. Be3 a6 12. e6 $1 fxe6 13. Ng5 Nf6 14. Bc2
Kc7 15. Bxc5 Nbd5 16. O-O b6 17. Bd4 $16 {1/2-1/2 Comp Junior on Alpha-Polgar,
J/Budapest m 1996/EXT 97 (70)}) 10. Nf3 Bf5 11. Bxf5 $6 (11. Bxc6 bxc6 12. Be3
Rb8 13. O-O-O+ $14 {Lautier,J}) 11... gxf5 12. e6 fxe6 13. Be3 Rg8 14. Ng5 Rg6
15. h4 h5 16. O-O-O+ Ke8 17. Bxc5 e5 $13 {~~ Lautier,J-Polgar,J/Dos Hermanas
1994/Inf 60}) 5... Nh5 {the first time I saw this move I could not believe
it's possible to play such moves in chess,but after analysing the position for
some time it's not easy for white to prove this is wrong so probably it is a
very interesting move} 6. Nf3 (6. dxc5 dxe5 {this is the big difference from 5.
dxc5 now black can take on "e5"}) 6... cxd4 7. cxd4 dxe5 8. dxe5 Nc6 9. O-O (9.
h3 Nxe5 10. Nxe5 Qa5+) 9... Bg7 10. h3 (10. Bb5 Qxd1 11. Rxd1 Bg4 12. Bxc6+ (
12. Nbd2 Bxe5 $1 13. h3 (13. Nxe5 Bxd1 14. Nxc6 a6 {and the bishop on "d1"
takes the "a4" square from white bishop!}) 13... Bxf3 14. Nxf3 Bg7 {with an
extra pawn for black when white has only small compensation for it}) 12... bxc6
13. Re1 Bxf3 14. gxf3 $13) {[%tqu "En","white is threatening g4 can you find
black next move","sometimes the threat seems more dangerous than it really
is!","","e8g8","",10,"c6e5","",0]} 10... O-O $1 (10... Nxe5 $5 11. Nxe5 Bxe5
12. Bb5+ Bd7 13. Qd5 $1 Bd6 14. Qxb7 Nf6 $13) 11. g4 (11. Qe2 Nd4 12. Nxd4 Qxd4
13. Re1 Rd8 14. Bc2 Rd5 $5 (14... Nf4 15. Qe3 Nd3 $15) 15. Nc3 Rxe5 16. Be3 Qb4
$17) (11. Re1 {probably the best move} Nb4 12. Be4 Qxd1 13. Rxd1 f5 $1 14. Bd3
(14. exf6 Nxf6 $36) 14... Be6 15. Nc3 $13) 11... Nb4 $8 12. Be2 (12. Ne1 Bxe5
$1 {the strongest move} 13. a3 (13. gxh5 Bxh3 $17) 13... Nxd3 14. Nxd3 Bc7 $1
15. gxh5 Bxh3 16. Re1 Qd5 $17 17. f3 (17. Nf4 Qg5+) 17... Qxh5) (12. Be4 Qxd1
13. Rxd1 f5 $17) 12... Qxd1 13. Rxd1 (13. Bxd1 Nd3 14. Nc3 Nxc1 15. Rxc1 Nf4
$17) 13... Nc2 14. Na3 $8 (14. gxh5 Nxa1 15. Na3 Bf5 $19) 14... Nxa1 15. Be3 $2
(15. Bd2 $142 Rd8 (15... Nf6 $6 16. exf6 Bxf6 17. Bc3 $13 {this is the big
difference from Be3}) 16. gxh5 (16. Rxa1 $2 Bxe5 $19) 16... Bxh3 17. hxg6 hxg6
18. Rxa1 Bxe5 $15 {/-/+}) 15... Nf6 $1 16. exf6 Bxf6 17. Rxa1 (17. Rb1 $1 Rd8
$1 {not allowing white to play Bd4} (17... Be6 $2 18. Bd4) 18. Bc1 Be6 19. Rxa1
Rac8 {really beautiful line now white has nothing to do against Rxc1 followed
by Bxb2} 20. Kg2 Rxc1 21. Rxc1 Bxb2 $19) 17... Bxb2 18. Nc2 Bxa1 19. Nxa1 Be6 {
black has a decisive material advantage,and 2 pawns on 1 on the Queen's the
win should not be too complicated} 20. Nb3 Rfc8 21. Nfd4 Bd5 22. f4 a5 $1 23.
Kf2 a4 24. Nc1 a3 {[%csl Ra2] the "a2" pawn has been fixed on the color of
black's bishop,now the rooks have to penetrate} 25. Bf3 Bxf3 26. Kxf3 Ra4 27.
Ncb3 f6 {[%cal Ge7e5]} 28. f5 Kf7 29. Ke2 gxf5 30. gxf5 Rg8 {rook need open
files black has the "g" and the "c" files to play that is more than enough} 31.
Kf3 h5 32. Bf2 Rc4 33. Be3 (33. Nb5 Rc2 (33... Ra8 $5 34. N3d4 Rb4) 34. Nxa3
Rc3+ 35. Be3 h4 36. Ke4 Rg3 {[%cal Gh4h1]}) 33... h4 34. Ne2 Rc2 35. Nbc1 b5
36. Bf2 b4 37. Be1 b3 38. Nxb3 Rxa2 39. Nec1 {there is really no point even to
think about this game after rh2 for example} 0-1

[Event "RUS-Cup4"]
[Site "Perm"]
[Date "1997.??.??"]
[Round "9"]
[White "Kalegin, Evgenij"]
[Black "Genba, Vladimir"]
[Result "1-0"]
[WhiteElo "2485"]
[BlackElo "2415"]
[Annotator "Har Zvi,R"]
[PlyCount "47"]
[EventDate "1997.02.02"]
[EventType "swiss"]
[EventRounds "9"]
[EventCountry "RUS"]
[SourceTitle "CBM 058"]
[Source "ChessBase"]
[SourceDate "1997.06.01"]
[SourceVersion "1"]
[SourceVersionDate "1997.06.01"]
[SourceQuality "1"]

1. e4 {Petursson} d6 2. d4 Nf6 3. Nd2 e5 (3... Nc6 4. Ngf3 e5 5. c3 Be7 6. Be2
O-O 7. O-O Re8 8. Re1 Bf8 9. Bb5 Bd7 10. d5 Nb8 11. Bxd7 Nbxd7 12. Nc4 Qc8 $13
{Rublevsky,S-Balashov,Y RUS-ch Elista 1995}) 4. c3 Be7 (4... g6 5. Ngf3 Qe7 (
5... Nbd7 6. Be2 Bg7 7. O-O O-O 8. Qc2 Re8 9. Rd1 Qe7 10. Bf1 exd4 11. cxd4 c5
12. Re1 cxd4 13. Nxd4 a6 14. N2b3 Nc5 15. Bg5 $14 h6 $2 16. e5 $3 $18 {
Rublevsky,S-Zvjaginsev,V Moscow PCA qual 25' 1996}) 6. dxe5 dxe5 7. Bc4 Bg7 8.
O-O O-O 9. a4 Nh5 10. Re1 Nf4 11. g3 Nh3+ 12. Kg2 Nc6 13. Nf1 Nd8 14. b3 {
with a better position for white Rublevsky,S-Balashov,Y Novgorod op 1995}) 5.
Ngf3 Nbd7 6. Qc2 (6. Be2 O-O 7. O-O b6 8. Qc2 Bb7 9. a4 a6 10. Re1 Re8 11. dxe5
dxe5 12. Bc4 Bd6 13. Nf1 g6 14. Ng3 Bf8 15. b4 $14 {Gipslis,A-Nielsen,P.H
Valby 1994}) (6. Bd3 O-O 7. O-O Re8 8. Re1 Bf8 9. Nf1 g6 10. Ng3 Bg7 11. h3 b6
12. Bg5 h6 13. Be3 Bb7 14. d5 c6 15. c4 a5 $13 {Popovic,P-Damljanovic,B Jug
chT-1994}) 6... O-O 7. Be2 c6 8. O-O Re8 9. a4 a5 10. Re1 Qc7 11. Bc4 {until
this moment nothing special,but here black from really unexplained reason
decides to open the game,a choice which will cost him the game very quickly}
exd4 $6 12. cxd4 d5 13. Ba2 dxe4 $6 (13... Nb6 14. e5 Nfd7) 14. Nxe4 {now the
real time has come for black after his next move his position becomes very
difficult maybe even losing,in this position I think there is only one! move
to keep black in the game,white is threatening now Neg5,when black's weak
points are the f7 and h7 pawns} Nxe4 $2 (14... h6 15. Bxh6 $1 gxh6 $2 16. Nxf6+
Nxf6 17. Qg6+ $18) (14... Rf8 $8 {! the only move I could find against this
strong winning theart Neg5,any way it seems I have to protect the f7 pawn,by
playing immediately Rf8 I will not have problems with some pins along the "E"
filewhich are possible in some variations} 15. Neg5 Bb4 16. Re2 h6) 15. Rxe4
Nf6 $2 {probably after this move black's position is defenceless,probably
black has to play 15...Qd8 to stay in the game although I have seen better
position than the one he gets after Qd8} (15... Qd8) {[%tqu "En","black has
made several mistakes in a row,now it is time to pay!,try to calculate
everything,it is not too much and try to see really the best line since there
are some good lines but I want the best I do not want advantage I want win!",
"","","f3g5","",10]} 16. Ng5 $1 Rf8 (16... Nxe4 17. Qxe4 Kf8 18. Nxh7+ Kg8 19.
Nf6+ $1 $18) 17. Rf4 $5 {I can not give this move? because white wins a pawn
and get a better position,but when I gave the training and asked you to see
the best line I did not mean this one but a better one with no salvation! for
black I mean 17.Rh4!} (17. Rh4 $1 Qd8 (17... h6 18. Rxh6 gxh6 19. Qg6+ Kh8 20.
Qxh6+ Kg8 21. Qg6+ Kh8 22. Nxf7+ Rxf7 23. Bxf7 $18) (17... g6 18. Rxh7 Bf5 19.
Bxf7+ (19. Rxf7 $5) 19... Rxf7 20. Qb3 Nd5 21. Rxf7 $18) 18. Rxh7 $1 {[%cal
Gc2g6]} Qxd4 (18... Nd5 $4 19. Rh8+) 19. Be3 {[%cal Gc2g6] So I could not see
any defence after 17.Rh4!,that is exactly the difference between winning and
getting the better position}) 17... g6 (17... h6 $2 18. Rxf6 hxg5 19. Bb1 $1
$18) 18. Nxh7 (18. Rh4 {Petursson} Bf5 $13) 18... Nxh7 $4 {what is this?? just
losing immediately but of course you feel black has a saving move quite a
simple one} (18... Bf5 $8 19. Rxf5 Kxh7 $8 (19... Nxh7 $2 20. Rxf7) (19... gxf5
$2 20. Qxf5 $1 (20. Nxf8 $18) 20... Nxh7 21. Bb1 Nf6 22. Bh6 $1 Kh8 23. Bg5 {
with mate in a few moves}) 20. Rf3 {it is clear white is better,but black can
still continue to play!}) 19. Qxg6+ $18 Kh8 20. Rxf7 (20. Bxf7 {Petursson} Bd6
$1 21. Rf3 Bg4 $13) 20... Rxf7 21. Qxf7 (21. Bxf7 {Petursson} Bd7 22. Bh6 Bf6
$14) 21... Qd8 (21... Bg4 22. Bh6) 22. Bb1 ({Even stronger then} 22. Bh6 {
Petursson} Bf6 23. Re1 Bf5 $16) 22... Nf8 (22... Nf6 23. Bg5) 23. Bh6 Qxd4 24.
Ba2 1-0

[Event "Ciocaltea Memorial"]
[Site "Bucharest"]
[Date "1997.??.??"]
[Round "1"]
[White "Moldovan, Daniel"]
[Black "Itkis, Boris"]
[Result "0-1"]
[WhiteElo "2435"]
[BlackElo "2440"]
[Annotator "Har Zvi,R"]
[PlyCount "82"]
[EventDate "1997.03.??"]
[EventType "tourn"]
[EventRounds "13"]
[EventCountry "ROU"]
[EventCategory "10"]
[SourceTitle "CBM 060"]
[Source "ChessBase"]
[SourceDate "1997.09.29"]
[SourceVersion "1"]
[SourceVersionDate "1997.09.29"]
[SourceQuality "1"]

1. e4 g6 2. d4 Bg7 3. Nc3 d6 4. Nge2 Nf6 (4... Nc6 5. Be3 (5. d5 Ne5 6. f4 Nd7
7. Be3 (7. g3 $5) 7... Ngf6 8. h3 c6 9. Qd2 cxd5 10. exd5 Nc5 11. g4 $1 h5 12.
g5 Nfe4 13. Nxe4 Nxe4 14. Qb4 Nc5 15. Bd4 Bxd4 16. Nxd4 $132 {Djurhuus,
R-Krasenkov,M Malmo 1995 CBM 48}) 5... Nf6 (5... e5 6. Qd2 Nf6 7. d5 $6 (7. f3
$142) 7... Ne7 8. Rd1 Ng4 9. Bg5 f6 10. Bh4 O-O 11. h3 Nh6 12. g4 Nf7 13. Bg2
Bd7 14. O-O c6 $36 {[%csl Rg2,Rg4,Rh3,Rh4] Salov,V-Todorcevic,M Szirak izt 1987
}) 6. f3 O-O 7. Qd2 Na5 (7... e5 {transposes in 4.Be3 with f3 and Qd2}) 8. Ng3
b6 9. O-O-O c5 10. h4 cxd4 11. Bxd4 Nc6 12. Be3 h5 13. Bh6 Be6 14. Bxg7 Kxg7
15. Bb5 Qc7 16. Rhe1 a6 17. Bxc6 Qxc6 18. Qg5 $36 {Ivanchuk,V-Khalifman,A
Manila izt 1990}) (4... c6 5. a4 e5 (5... Nd7 6. h3 e5 7. g4 h5 8. g5 Ne7 9.
Bg2 O-O 10. Be3 d5 $5 11. exd5 Nf5 12. h4 exd4 13. Nxd4 Nxe3 14. fxe3 c5 15.
Nf3 Ne5 $44 {[%csl Re3][%cal Gb8h2,Gg8a1] Djurhuus,R-Bern,I Gausdal 1993}) 6.
Be3 Nf6 7. dxe5 dxe5 8. Qxd8+ Kxd8 9. h3 Be6 {Gulko,B-Petrosian,T URS-ch 1977
24/174 [Kotov,A]} 10. Nc1 $14 {[%cal Gc1d3,Gg2g3,Gf1g2,Ge1c1,Gf2f4]}) 5. g3 Na6
6. Bg2 c5 7. O-O (7. d5 {Vajda,L-Itkis,B CBM 60}) 7... O-O 8. h3 (8. e5 $5 dxe5
(8... Ne8 9. exd6 Nxd6 10. dxc5 Nxc5 11. Be3 $14) 9. dxe5 Ng4 10. f4 Qxd1 (
10... Nb4 11. Bd2 Qb6 12. a3 c4+ 13. Kh1 Nc6 14. Qc1 $1 $14) 11. Rxd1 Nb4 $13)
8... cxd4 9. Nxd4 Nc5 10. Be3 (10. f4 $5) (10. Re1 Bd7 11. Be3 Qc8 12. Kh2 Na4
13. Nxa4 Bxa4 14. Qd2 Re8 15. Rac1 Bc6 16. Bh6 Bh8 17. c4 Qc7 18. b4 Red8 19.
Qe3 Be8 {Burger,K-Pasman,M/Beer Sheva 1982/MCD-r8/1/2-1/2 (47)}) 10... Bd7 11.
Kh2 (11. Qd2) 11... Rc8 12. Nb3 $6 {this knight was the cause to all white's
problems,this move Nb3 is a standard move when black's knight stands on the c6,
on c5 is another story,white should simply play something like Qd2-Rad1 with a
silght advantage} (12. Qd2 $14) 12... b6 13. Qd2 Na4 $1 {now we why Nb3 is a
problem for him,and black exposed it in the best why,if white manages to take
and then play Nd4-b3-c4 then he is better,that why I said simply Qd2,but white
did could play this plan} 14. Nxa4 Bxa4 15. Rad1 (15. c3 $142 Bc6 16. Qc2 Qd7 {
when black is atleast OK}) 15... Qc7 {it is clear now that black has the
initiative} (15... Bc6 16. e5 dxe5 (16... Ne4 17. Qb4 $5) (16... Ne8 $5 17. Bf4
)) 16. c3 $6 (16. Rc1) (16. Qb4 Qc4 $1 17. Rd4 (17. Qxc4 $2 Rxc4 18. Rd4 Bxb3
19. cxb3 Rxd4 20. Bxd4 Ng4+ 21. hxg4 Bxd4 $17) 17... Qxb4 18. Rxb4 Bxb3 (18...
Bc6) 19. cxb3 Rc2 $6 (19... Nd7 $15) 20. Ra4 $13) 16... Qc4 17. Qc2 Nd7 18. Ra1
(18. Bf3 $142 {[%cal Gf3e2]}) 18... Nc5 19. Bxc5 bxc5 $15 {[%csl Ga4,Gg7][%cal
Gb8b2] /-/+} 20. Qd2 Rb8 21. Rfe1 $6 {I can not explain why white gives his
"b" pawn,maybe he thought that with opposite bishops he will have chances to
hold the position,of course he had to play Nc1 but blackis still much better} (
21. Nc1 $8 Bc6 22. Re1 Rb6) 21... Bxb3 22. axb3 Qxb3 23. Re2 (23. Rxa7 Qxb2 24.
Qxb2 Rxb2 25. Rf1 (25. Rxe7 Rxf2 $19) 25... Re8 $19) 23... Qb6 {white has
another problem,he is a pawn down,but the base for all defence is the "b2"
pawn,which right togther with the c3 pawn stop black bishop,the b2 pawn is
black's main target,black has a simple plan,first double the rooks on the "b"
after which white pieces are tied defending that pawn,then if possible try to
advance the "a" pawnif possible of course to a3,and if not then try a play on
the other flank the King's side} 24. Qd1 Rfc8 25. Ra4 Rc7 26. Qa1 Qb5 27. Bf1
Qd7 28. Qa2 Rcb7 {the first step in black's plan is over} 29. Ra6 (29. Bg2 Rxb2
30. Rxb2 Rxb2 31. Qxb2 Qxa4) 29... h5 {[%cal Gh5h4] now the second step in
black's plan begin,playing on the king's side} 30. h4 Bf6 31. Rd2 (31. Bg2 $142
{this would have caused black troubles continuaing his plan,since white is
threatening now e5}) 31... Qg4 32. Ra4 (32. Bg2 Bxh4 $5 (32... Be5 33. Rxa7 (
33. Kg1 g5 34. Rxa7 Kg7 $40) 33... Qxh4+ 34. Kg1 Qg5 35. f4 Qxg3 36. Rxb7 Rxb7
37. Rf2 Bxf4 38. Rxf4 Qxf4 39. Qa8+ Kg7 40. Qxb7 Qf6 $17 {[%cal Gg6g3,Gh5h3]})
33. Bh3 Qxe4 34. Bg2 Qe1 35. Rc2 Qd1 36. b4 Bf6 37. Bxb7 Rxb7 $17) {[%tqu "En",
"white played some incorrect moves in his last ones'can you find a way to
prove it","","","f6h4","",10]} 32... Bxh4 $1 33. e5 (33. Be2 Qg5 34. Rc2 Bxg3+
(34... Qf6 35. Ba6) 35. fxg3 h4 36. gxh4 Qxh4+ 37. Kg2 Kg7 $40 {[%cal Gb8h8]})
33... Qg5 $17 34. Re2 $2 (34. Rc2 $142 Qf5 35. Re2 Bg5 36. Bg2 Rb6 $1 37. exd6
Rxd6 $1 38. Rxa7 h4) 34... Qc1 $19 35. Bg2 Rxb2 36. Rxb2 Rxb2 37. Qd5 Bg5 38.
exd6 exd6 39. f4 (39. Rxa7 Rxf2) 39... Be7 {blocking the seventh rank} 40. Rxa7
Qe3 41. f5 h4 0-1